LEADER 00960nam a2200205 4500 001 000000354637 003 CaOOAMICUS 005 20230713152835.0 008 230713s1899 it 000 u ita r 040 $aSeMil$bita 100 1 $aMolteni, Giuseppe,$d<1877-1947>.$0(OLS)http://semarc/name/92519 245 13$aLa stampa a Milano :$bConferenza tenuta la sera del 14 Marzo 1899 all'Associazione di elettori cattolici di Milano /$cGiuseppe Molteni. 264 1$aMilano :$bArtigianelli,$c1899. 300 $a55 p. ;$c21 cm 650 4$aMilano - Editoria.$0(OLS)http://semarc/subject/12313 850 $aSeMil 852 $aSeMil$W1$xVenegono$y1$m5B XI 2/4$j242239$B245931$CSeMilBibl$Z2$F245931 $8I 996 $6245$aLa stampa a Milano :$bConferenza tenuta la sera del 14 Marzo 1899 all'Associazione di elettori cattolici di Milano$9(OLS)http://semarc/title/444793 996 $6264$aMilano :$bArtigianelli$9(OLS)http://semarc/publisher/33468 LEADER 00797nam a2200217 i 4500 001 000000085986 003 CaOOAMICUS 005 20180830150004.0 008 180830s1966 xx u000 u und u 013 $a58226 040 $aSeMil$bita 100 1 $aMounier, Jean-Pierre.$0(OLS)http://semarc/name/39736 245 10$aPer una sociologia politica. 260 $aMilano :$bGarzanti,$c1966. 300 $a409 p. 650 4$aSociologia politica.$0(OLS)http://semarc/subject/6517 700 1 $aCot, Jean-Pierre.$0(OLS)http://semarc/name/39737 850 $aSeMil 852 $aSeMil$W1$xVenegono$y1$m60 13 13 *$j49786$B49786$CSeMilBibl$Z2$F53585 $81 996 $6245$aPer una sociologia politica$9(OLS)http://semarc/title/132425 996 $6260$aMilano :$bGarzanti$9(OLS)http://semarc/publisher/29852